000 00736nam a2200217Ii 4500
003 JO-AjNU
008 230605s9999||||xx |||||||||||||| ||und||
017 _a2008/6/2041
040 _aJO-AjNU
_bara
_erda
_cJO-AjNU
041 _aara
050 1 4 _aHD62.35.A44.2011
100 3 _aالعلي،عبدالستار محمد,
_eauthor
_930880
245 0 0 _aادارة المشروعات العامة= General Project Management
250 _aط2
264 3 1 _aعمان:دار المسيرة للنشر والتوزيع،2011
300 _a575ص
336 _atext
_btxt
_2rdacontent
337 _aunmediated
_bn
_2rdamedia
338 _avolume
_bnc
_2rdacarrier
650 4 _aادارة الاعمال-ادارة المشاريع
_930881
999 _aA12291
_c15859
_d15859